000 00638nam a2200229Ia 4500
003 OSt
005 20220923220828.0
006 a|||||r|||| 00| 0
007 ta
008 220922b |||||||| |||| 00| 0 hin d
024 _a191,085
037 _cTextual
040 _aARTS
_cARTS
_bhin
041 _2hin
_ahin
082 _aR693, 152K2
100 _aहरिहरानन्द
245 0 _aअहमर्थ और परमार्थसार
246 _aAhamartha aur paramārthasāra
260 _c1962
942 _hR693, 152K2
_cTEXL
_2CC
999 _c343805
_d343805